000 00290nam a22001217a 4500
008 170529b xxu||||| |||| 00| 0 eng d
041 _aeng
080 _a621.3
100 _a27
101 _aIM
245 _aREGELUNG IN DER ELEKRISCHEN ENERGIEVERSORGUNG
_cLEONHARD.W
942 _2udc
_cBK
999 _c14805
_d14805